20th-century choral music.
| Corporate Author: | |
|---|---|
| Other Authors: | |
| Format: | CD Audio |
| Language: | English Latin German |
| Language Notes: | Sung in English, Latin, or German. |
| Published: |
[England?] :
EMI Eminence,
[1996]
|
| Subjects: |
MARC
| Tag | First Indicator | Second Indicator | Subfields |
|---|---|---|---|
| LEADER | 00000cjm a2200000 a 4500 | ||
| 001 | in00001406467 | ||
| 005 | 20151020072713.0 | ||
| 007 | sd fsngnn|||ed | ||
| 008 | 970221p19961995enkzzn dei eng d | ||
| 024 | 1 | |a 724356590328 | |
| 028 | 0 | 0 | |a 724356590328 |b EMI Eminence |
| 028 | 0 | 0 | |a 5 65903 2 |b EMI Eminence |
| 035 | |a (OCoLC)36427888 | ||
| 035 | |9 AHQ3404AM | ||
| 040 | |a SVP |c SVP |d TXA |d UtOrBLW | ||
| 041 | 0 | |d eng |d lat |d ger |e eng |e lat |e ger |h lat |h ger |g eng | |
| 049 | |a TXAV | ||
| 090 | |a M2060 |b .T94 1996 | ||
| 110 | 2 | |a Vasari Singers. | |
| 245 | 1 | 0 | |a 20th-century choral music. |
| 246 | 3 | |a Twentieth-century choral music | |
| 264 | 1 | |a [England?] : |b EMI Eminence, |c [1996] | |
| 264 | 4 | |c ℗1996 | |
| 300 | |a 1 sound disc : |b digital, stereo. ; |c 4 3/4 in. | ||
| 306 | |a 011409 | ||
| 336 | |a performed music |b prm |2 rdacontent | ||
| 337 | |a audio |b s |2 rdamedia | ||
| 338 | |a audio disc |b sd |2 rdacarrier | ||
| 538 | |a Compact disc. | ||
| 500 | |a EMI Eminence: 7243 5 65903 2 8 (5 659003 2). | ||
| 511 | 0 | |a John Keys, organ (3rd work) ; Andrew Angus, bass (5th work) ; Vasari Singers ; Jeremy Backhouse, conductor. | |
| 546 | |a Sung in English, Latin, or German. | ||
| 518 | |a Recorded in the Church of St. Giles, Cripplegate, London, 3-5 Feb. 1995. | ||
| 500 | |a Digital recording. | ||
| 500 | |a Biographical notes on composers and program notes by Philip Borg-Wheeler and lyrics with English translation laid in container. | ||
| 505 | 0 | |a Summa (1977) / Arvo Pärt (4:56) -- The lamb (1982) / John Tavener (3:14) -- The Beatitudes (1990, rev. 1991) / Pärt (6:59) -- Funeral ikos (1981) / Tavener (7:43) -- Litany (1985) / Alan Ridout (13:49) Two hymns to the Mother of God (1985) / Tavener (5:52) -- Seven magnificat antiphons (1988, rev. 1991) / Pärt (12:42) -- Magnificat and Nunc dimittis (Collegium Regale) (1986) / Tavener (9:50) -- Totus tuus, op. 60 (1987) / Górecki (8:59). | |
| 500 | |a Sound recording. | ||
| 650 | 0 | |a Choruses, Sacred (Mixed voices), Unaccompanied. | |
| 650 | 0 | |a Choruses, Sacred (Mixed voices) with organ. | |
| 700 | 1 | |a Backhouse, Jeremy. | |
| 948 | |a c:jlg | ||
| 999 | |a MARS | ||
| 999 | f | f | |s 85925e2b-9f4e-3c0a-b2b2-3f17f2a2ffb4 |i 21df4c1e-271b-3f13-9c57-866c705b4413 |t 0 |
| 952 | f | f | |p ric |a Texas A&M University |b Rellis Campus |c Joint Library Facility |d Remote Storage |t 0 |e M2060 .T94 1996 |h Library of Congress classification |i audio -- audio disc |m A14823304381 |
| 998 | f | f | |a M2060 .T94 1996 |t 0 |l Remote Storage |